[Event "Bremen-ch"]
[Site "Bremen"]
[Date "2019.04.13"]
[Round "1.33"]
[White "Norbach, Erik"]
[Black "Schwenke, Stefan"]
[Result "0-1"]
[WhiteElo "974"]
[BlackElo "1789"]
[PlyCount "42"]
[EventDate "2019.04.13"]
[EventType "swiss"]
[EventRounds "9"]
[EventCountry "GER"]
[SourceTitle "EXT 2020"]
[Source "ChessBase"]
[SourceDate "2019.10.17"]
[SourceVersion "1"]
[SourceVersionDate "2019.10.17"]
[SourceQuality "1"]

1. e4 e6 2. d4 d5 3. exd5 exd5 4. Nc3 Nf6 5. Bd3 Bg4 6. Nf3 Nc6 7. Be3 Bb4 8. h3 Bh5 9. Qd2 Bg6 10. 0-0-0 Qe7 11. Bxg6 hxg6 12. Qd3 0-0-0 13. Rhe1 Qd6 14. Re2 Rhe8 15. Ng5 Re7 16. g3 Nh5 17. Nb5 Qf6 18. Nh7 Qe6 19. g4 Nf4 20. Bxf4 Qxe2 21. Qg3 Qxd1+ 0-1

[Event "Niedersachsen-ch op B"]
[Site "Verden"]
[Date "2019.01.06"]
[Round "7"]
[White "Schwenke, Stefan"]
[Black "Evering, Enna"]
[Result "1-0"]
[WhiteElo "1750"]
[BlackElo "1566"]
[PlyCount "109"]
[EventDate "2019.01.03"]
[EventType "swiss"]
[EventRounds "7"]
[EventCountry "GER"]
[SourceTitle "EXT 2022"]
[Source "ChessBase"]
[SourceDate "2021.10.06"]
[SourceVersion "1"]
[SourceVersionDate "2021.10.06"]
[SourceQuality "1"]

1. e4 e5 2. g3 Nf6 3. Bg2 Bc5 4. c3 Nc6 5. b4 Bb6 6. Ne2 0-0 7. a4 a5 8. b5 Ne7 9. Ba3 d6 10. d4 Ng6 11. Qd3 Re8 12. Nd2 c5 13. d5 Bd7 14. 0-0-0 Ng4 15. Rdf1 c4 16. Nxc4 Nxf2 17. Rxf2 Bxf2 18. Nxd6 Rf8 19. Rf1 Bb6 20. Nxb7 Qc7 21. Nd6 Bc5 22. Nc4 Bxa3+ 23. Nxa3 Qc5 24. Kb2 Bg4 25. Nc1 Qc7 26. Nb3 Qe7 27. Nc4 Qg5 28. h3 Bd7 29. Nb6 Ra7 30. c4 Qd8 31. c5 Ne7 32. Qc4 Nc8 33. Nxc8 Bxc8 34. Rd1 Qg5 35. Qc3 Qh5 36. Qf3 Qxf3 37. Bxf3 Rd8 38. g4 Bd7 39. c6 Be8 40. Kc3 f6 41. Kc4 Kf7 42. b6 Ra6 43. Kb5 Rxb6+ 44. Kxb6 Rb8+ 45. Kc7 Rxb3 46. Be2 Rc3 47. Bb5 Rxh3 48. Kd8 Rc3 49. c7 Bxb5 50. axb5 a4 51. c8Q Rxc8+ 52. Kxc8 a3 53. d6 a2 54. d7 a1Q 55. Rxa1 1-0

[Event "Bremen-ch op"]
[Site "Bremen"]
[Date "2016.03.23"]
[Round "6"]
[White "Buhrdorf, Axel"]
[Black "Schwenke, Stefan"]
[Result "1/2-1/2"]
[WhiteElo "1974"]
[BlackElo "1714"]
[PlyCount "24"]
[EventDate "2016.03.19"]
[EventType "swiss"]
[EventRounds "9"]
[EventCountry "GER"]
[SourceTitle "EXT 2018"]
[Source "ChessBase"]
[SourceDate "2017.10.13"]
[SourceVersion "1"]
[SourceVersionDate "2017.10.13"]
[SourceQuality "1"]

1. d4 e6 2. Nf3 d5 3. e3 Nf6 4. c4 b6 5. Nc3 Bb7 6. cxd5 Nxd5 7. Bd3 c5 8. 0-0 cxd4 9. exd4 Nxc3 10. bxc3 Qc7 11. Bb2 Bd6 12. h3 Nd7 1/2-1/2

[Event "Bremen-ch op"]
[Site "Bremen"]
[Date "2016.03.22"]
[Round "5"]
[White "Schwenke, Stefan"]
[Black "Bergmann, Reinhold"]
[Result "1-0"]
[WhiteElo "1714"]
[BlackElo "1860"]
[PlyCount "129"]
[EventDate "2016.03.19"]
[EventType "swiss"]
[EventRounds "9"]
[EventCountry "GER"]
[SourceTitle "EXT 2018"]
[Source "ChessBase"]
[SourceDate "2017.10.13"]
[SourceVersion "1"]
[SourceVersionDate "2017.10.13"]
[SourceQuality "1"]

1. e4 c5 2. Nf3 Nc6 3. Nc3 d6 4. d4 cxd4 5. Nxd4 Nf6 6. Bb5 Bd7 7. h3 e6 8. Be3 Be7 9. Qe2 0-0 10. 0-0 a6 11. Nxc6 Bxc6 12. Bxc6 bxc6 13. Qc4 Qc8 14. Rad1 d5 15. exd5 exd5 16. Qh4 Re8 17. Qg3 Rb8 18. b3 Rb7 19. Bd4 Rd7 20. Rfe1 Qd8 21. Qd3 Rd6 22. Rxe7 Rxe7 23. Bc5 Rde6 24. Bxe7 Qxe7 25. Qxa6 h6 26. Qd3 Re1+ 27. Kh2 Qe5+ 28. Qg3 Qe8 29. Rxe1 Qxe1 30. Qe3 Qa1 31. a4 Qa3 32. Ne2 Ne4 33. f3 Qd6+ 34. Qf4 Qxf4+ 35. Nxf4 Nc3 36. Kg1 Kf8 37. Kf2 Ke7 38. Ke3 c5 39. Kd3 d4 40. Kc4 Kd6 41. Nd3 Nd5 42. Nxc5 Ne3+ 43. Kxd4 Nxc2+ 44. Kc4 Ne3+ 45. Kb5 Nxg2 46. a5 Nf4 47. Ne4+ Kc7 48. Nf2 Kb7 49. b4 Ne6 50. a6+ Ka7 51. Ka5 Nc7 52. b5 Nd5 53. Ne4 Nb6 54. Nd6 f6 55. Nf5 Nc4+ 56. Kb4 Nd2 57. Nxg7 Kb6 58. Nf5 Nxf3 59. Nd6 Ne5 60. Nc8+ Kc7 61. Ne7 Nd7 62. Nd5+ Kb8 63. b6 f5 64. Kb5 Ne5 65. Nc7 1-0

[Event "Bremen-ch op"]
[Site "Bremen"]
[Date "2015.04.01"]
[Round "6"]
[White "Schwenke, Stefan"]
[Black "Proske, Matthias"]
[Result "0-1"]
[WhiteElo "1742"]
[BlackElo "1407"]
[PlyCount "82"]
[EventDate "2015.03.28"]
[EventType "swiss"]
[EventRounds "9"]
[EventCountry "GER"]
[SourceTitle "EXT 2018"]
[Source "ChessBase"]
[SourceDate "2017.10.13"]
[SourceVersion "1"]
[SourceVersionDate "2017.10.13"]
[SourceQuality "1"]

1. e4 c5 2. g3 Nc6 3. Bg2 Nf6 4. Ne2 e5 5. c3 d5 6. exd5 Nxd5 7. d4 Be6 8. 0-0 cxd4 9. cxd4 exd4 10. Nxd4 Be7 11. Nxc6 bxc6 12. Nc3 0-0 13. Qa4 Qb6 14. Ne4 Qb5 15. Qxb5 cxb5 16. Nc3 Nxc3 17. Bxa8 Ne2+ 18. Kg2 Rxa8 19. Be3 Bf6 20. Rfd1 Bxb2 21. Rab1 Nc3 22. Rd2 Nxb1 23. Rxb2 Nc3 24. Bd4 Ne4 25. Rxb5 Bxa2 26. Bxa7 h6 27. Be3 Nf6 28. h3 Bd5+ 29. Kh2 Ra1 30. g4 Rh1+ 31. Kg3 Ne4+ 32. Kf4 Nf6 33. Bd4 Bc6 34. Rb8+ Kh7 35. Bxf6 gxf6 36. Rb6 Bd5 37. Rxf6 Rxh3 38. Ke5 Rf3 39. Rd6 Be6 40. Rd1 Rxf2 41. Rg1 Kg6 0-1

[Event "Magdeburg op-A"]
[Site "Magdeburg"]
[Date "2014.06.14"]
[Round "9"]
[White "Heldt, Nils Lennart"]
[Black "Schwenke, Stefan"]
[Result "1/2-1/2"]
[WhiteElo "1691"]
[BlackElo "1692"]
[PlyCount "57"]
[EventDate "2014.06.08"]
[EventType "swiss"]
[EventRounds "9"]
[EventCountry "GER"]
[SourceTitle "CBM 160 Extra"]
[Source "ChessBase"]
[SourceDate "2014.07.01"]
[SourceVersion "1"]
[SourceVersionDate "2014.07.01"]
[SourceQuality "1"]

1. e4 d6 2. d4 Nf6 3. Nc3 g6 4. Be3 Bg7 5. Be2 Nc6 6. f4 e5 7. fxe5 dxe5 8. d5 Ne7 9. h3 a6 10. Nf3 Qd6 11. Qd2 Nh5 12. 0-0-0 Ng3 13. Rhg1 c6 14. Qe1 Nxe2+ 15. Qxe2 0-0 16. Qf2 cxd5 17. Bc5 Qf6 18. Nxd5 Nxd5 19. Bxf8 Bxf8 20. exd5 e4 21. Qd4 Qxd4 22. Nxd4 Bc5 23. Rge1 f5 24. Nb3 Bd6 25. c4 b6 26. a4 a5 27. Nd4 Bd7 28. Nb5 Bg3 29. Re2 1/2-1/2

[Event "Bremen-ch op"]
[Site "Bremen"]
[Date "2014.04.18"]
[Round "8"]
[White "Meywerk, Tim"]
[Black "Schwenke, Stefan"]
[Result "1-0"]
[WhiteElo "1898"]
[BlackElo "1780"]
[PlyCount "67"]
[EventDate "2014.04.14"]
[EventType "swiss"]
[EventRounds "9"]
[EventCountry "GER"]
[SourceTitle "EXT 2018"]
[Source "ChessBase"]
[SourceDate "2017.10.13"]
[SourceVersion "1"]
[SourceVersionDate "2017.10.13"]
[SourceQuality "1"]

1. e4 e6 2. d4 d5 3. e5 c5 4. c3 Nc6 5. Nf3 Qb6 6. a3 a5 7. b3 Nge7 8. dxc5 Qc7 9. Bb5 Bd7 10. 0-0 Ng6 11. b4 Ncxe5 12. Bxd7+ Nxd7 13. Be3 Nf6 14. Nd4 Be7 15. Nb5 Qd7 16. a4 0-0 17. Nd2 Ne5 18. Nb3 Nc4 19. Re1 Ne8 20. Bd4 axb4 21. cxb4 Rxa4 22. Rxa4 Qxb5 23. Qa1 Bf6 24. Bxf6 Nxf6 25. Nd4 Qd7 26. Ra7 Ne4 27. c6 Qd6 28. Rxb7 e5 29. Nf5 Qf6 30. Ne7+ Kh8 31. Qa7 Ncd2 32. Rb8 Nf3+ 33. gxf3 Qg5+ 34. Kf1 1-0

[Event "Bremen-ch op"]
[Site "Bremen"]
[Date "2014.04.14"]
[Round "1"]
[White "Schwenke, Stefan"]
[Black "Doescher, Arne"]
[Result "0-1"]
[WhiteElo "1780"]
[BlackElo "2251"]
[PlyCount "60"]
[EventDate "2014.04.14"]
[EventType "swiss"]
[EventRounds "9"]
[EventCountry "GER"]
[SourceTitle "EXT 2018"]
[Source "ChessBase"]
[SourceDate "2017.10.13"]
[SourceVersion "1"]
[SourceVersionDate "2017.10.13"]
[SourceQuality "1"]

1. e4 g6 2. Nc3 Bg7 3. d4 d6 4. Nf3 Nd7 5. Be3 a6 6. Qd2 e6 7. a4 h6 8. Bc4 b6 9. d5 e5 10. Qe2 Ne7 11. Nd2 0-0 12. 0-0 f5 13. f4 exf4 14. Bxf4 g5 15. Bg3 f4 16. Bf2 Ne5 17. Nf3 Bg4 18. Bxa6 Bxf3 19. gxf3 g4 20. fxg4 f3 21. Qb5 N7g6 22. Bg3 Nxg4 23. Nd1 Qg5 24. c3 h5 25. Kh1 h4 26. Bxd6 cxd6 27. Rg1 Qf4 28. Rxg4 Qxg4 29. Ne3 Qf4 30. Nc4 f2 0-1

[Event "Bremen-ch op"]
[Site "Bremen"]
[Date "2013.03.25"]
[Round "4"]
[White "Schwenke, Stefan"]
[Black "Wiechmann, Gerd"]
[Result "0-1"]
[WhiteElo "1727"]
[BlackElo "2009"]
[PlyCount "68"]
[EventDate "2013.03.23"]
[EventType "swiss"]
[EventRounds "9"]
[EventCountry "GER"]
[SourceTitle "EXT 2022"]
[Source "ChessBase"]
[SourceDate "2021.10.06"]
[SourceVersion "1"]
[SourceVersionDate "2021.10.06"]
[SourceQuality "1"]

1. e4 e6 2. g3 d5 3. exd5 exd5 4. Bg2 c6 5. d4 Bd6 6. Ne2 Ne7 7. 0-0 0-0 8. c3 Bf5 9. Be3 Ng6 10. Qd2 Qd7 11. Nf4 Na6 12. Nh5 Rfe8 13. Bh6 Bf8 14. Na3 Bg4 15. Bxg7 Bxg7 16. Nxg7 Kxg7 17. f3 Bh3 18. f4 Bxg2 19. Kxg2 Qf5 20. Rae1 Nc7 21. h3 Rxe1 22. Rxe1 Re8 23. Rxe8 Nxe8 24. Nc2 Qe4+ 25. Kh2 Nd6 26. Ne1 h5 27. Nd3 h4 28. Nc5 hxg3+ 29. Kxg3 Nf5+ 30. Kh2 Qxf4+ 31. Qxf4 Nxf4 32. Nd7 f6 33. Nc5 Nd6 34. Kg3 Nh5+ 0-1